| 000 | 01583cam a2200337 a 4500 | ||
|---|---|---|---|
| 001 | 15152997 | ||
| 005 | 20091015083006.0 | ||
| 008 | 080124s2009 fluabf b 001 0 eng | ||
| 010 | _a 2008003669 | ||
| 020 | _a9781420070255 (alk. paper) | ||
| 035 | _a(OCoLC)ocn191318223 | ||
| 035 |
_a(OCoLC)191318223 _z(OCoLC)166379230 |
||
| 040 |
_aDLC _cDLC _dBAKER _dBTCTA _dYDXCP _dC#P _dBWX _dCDX _dDLC |
||
| 050 | 0 | 0 |
_aTJ163.24 _b.L56 2009 |
| 082 | 0 | 0 |
_a621.042 _222 _bBEL |
| 100 | 1 |
_aLiptak, Bela G. _913121 |
|
| 245 | 1 | 0 |
_aPost-Oil Energy Technology : _bThe World's First Solar-Hydrogen Demonstration Power Plant / _cBela Liptak. |
| 260 |
_aBoca Raton : _bCRC Press, _cc2009. |
||
| 300 |
_axix, 571 p., [8] p. of plates : _bill. (some col.), maps (some col.) ; _c25 cm. |
||
| 500 | _aIncludes one folded leaf. | ||
| 504 | _aIncludes bibliographical references and index. | ||
| 650 | 0 |
_aPower resources _xForecasting. _913122 |
|
| 650 | 0 |
_aEnergy industries _xTechnological innovations. _913123 |
|
| 650 | 0 |
_aEnergy industries _xForecasting. _913124 |
|
| 650 | 0 |
_aSolar power plants. _913125 |
|
| 650 | 0 |
_aHydrogen as fuel. _913126 |
|
| 856 | 4 | 1 |
_3Table of contents only _uhttp://www.loc.gov/catdir/toc/ecip089/2008003669.html |
| 942 |
_2ddc _cBB |
||
| 999 |
_c13784 _d13784 |
||